Разработка и сравнение веб-сервисов кластеризации данных на основе WCF и Web API 2.0; Молодежь и современные информационные технологии

Podrobná bibliografie
Parent link:Молодежь и современные информационные технологии.— 2018.— [С. 75-76]
Hlavní autor: Батеева Е. Е.
Korporativní autor: Томский политехнический университет (ТПУ)
Shrnutí:Заглавие с титульного экрана
Jazyk:ruština
Vydáno: 2018
Edice:Математическое моделирование и компьютерный анализ данных
Témata:
On-line přístup:http://earchive.tpu.ru/handle/11683/46533
Médium: MixedMaterials Elektronický zdroj Kapitola
KOHA link:https://koha.lib.tpu.ru/cgi-bin/koha/opac-detail.pl?biblionumber=626217

MARC

LEADER 00000naa2a2200000 4500
001 626217
005 20231101133412.0
035 |a (RuTPU)RU\TPU\conf\25570 
035 |a RU\TPU\conf\25569 
090 |a 626217 
100 |a 20180221d2018 k y0rusy50 ca 
101 0 |a rus 
102 |a RU 
105 |a y z 101zy 
135 |a drgn ---uucaa 
181 0 |a i  
182 0 |a b 
200 1 |a Разработка и сравнение веб-сервисов кластеризации данных на основе WCF и Web API 2.0  |f Е. Е. Батеева 
203 |a Текст  |c электронный 
225 1 |a Математическое моделирование и компьютерный анализ данных 
230 |a 1 компьютерный файл (pdf; 290 Кb) 
300 |a Заглавие с титульного экрана 
320 |a [Библиогр.: с. 76 (3 назв.)] 
463 0 |0 (RuTPU)RU\TPU\conf\25518  |t Молодежь и современные информационные технологии  |o сборник трудов XV Международной научно-практической конференции студентов, аспирантов и молодых учёных, 04-07 декабря 2017 г., г. Томск  |f Национальный исследовательский Томский политехнический университет, Инженерная школа информационных технологий и робототехники ; под ред. С. С. Михалевич [и др.]  |v [С. 75-76]  |d 2018 
610 1 |a электронный ресурс 
610 1 |a труды учёных ТПУ 
610 1 |a веб-сервисы 
610 1 |a кластеризация 
610 1 |a данные 
610 1 |a программное обеспечение 
610 1 |a WCF 
610 1 |a нефтяные скважины 
610 1 |a фреймворки 
700 1 |a Батеева  |b Е. Е. 
712 0 2 |a Томский политехнический университет (ТПУ)  |c (1991-2009)  |2 stltpush  |3 (RuTPU)RU\TPU\col\376 
801 2 |a RU  |b 63413507  |c 20201229  |g RCR 
856 4 |u http://earchive.tpu.ru/handle/11683/46533 
942 |c BK